000 01896cam a2200277 i 4500
003 SA-RiAUC
005 20250208070718.0
008 250202s1993 su a g 000 0dara c
040 _aJO-AmJU
_bara
_cSA-RiAUC
_dKAC
_erda
082 0 4 _a915.4
_qSA-RiAUC
090 _a915.4
_bع ب و
100 1 _aالعبودي، محمد بن ناصر،
_d1345-1443 هجري
_eمؤلف.
245 1 0 _aمقال في بلاد البنغال /
_cمحمد بن ناصر العبودي.
250 _aالطبعة الأولى.
264 1 _aالرياض :
_bمحمد بن ناصر بن عبد الرحمن العبودي،
_c1993
264 3 _a[مكان الطبع غير محدد] :
_bمطابع الفرزدق التجارية
300 _a111 صفحة :
_bإيضاحيات ؛
_c23 سم
336 _aنص
_btxt
_2rdacontent
_3كتاب
337 _aبدون وسيط
_bn
_2rdamedia
338 _aمجلد
_bnc
_2rdacarrier
520 _aالكتاب يحكي عن رحلة عاجلة لم تستغرق إلا أياما معدودة، ولذلك لم تكن الكتابة عنها شاملة موسعة تتحدث في أكثر صفحاتها عن بلد مسلم شقيق هو (بنجلاديش)، إضافة إلى المرور بالبنغال الغربي الهندي الذي عاصمته كلكتا، ثم الحديث عن رحلة في بلاد أو حديث عن أحوال بعض العباد، فإنه إذا لم يكن من القول المعاد مما تقبل عليه عامة الناس في المعتاد، وعلى الله الاعتماد، نسأله تعالى أن يسلك بنا طريق الرشاد، إنه كريم جواد.
600 1 7 _aالعبودي، محمد بن ناصر،
_d1345-1443 هجري
_xرحلات
_zبنغلاديش
_2aucnm
651 7 _aبنغلاديش
_xوصف ورحلات
_2aucsh
942 _2ddc
_cBOOK
_n0
949 _aSA-JeALM
_d250202
_umohamedma123
_n1
999 _c5729
_d5729